LEADER 01530nam a2200361 u 4500 001 000000032211 003 CaOOAMICUS 005 20150721145325.0 008 971015s1991 it u000 u ita u 035 $a10772883 040 $aPUL$bita 041 1 $aita$hger 100 1 $aConzelmann, Hans,$d1915-1989.$0(OLS)http://pul/name/2147 240 10$aGrundriss der Theologie des Neuen Testaments.$lItaliano.$0(OLS)http://pul/title/44391 245 10$aTeologia del Nuovo Testamento /$cHans Conzelmann ; edizione italiana a cura di Antonio Zani. 250 $a4. ed. /$briveduta da Andreas Lindemann. 260 $aBrescia :$bPaideia,$c1991. 300 $a492 p.$c23 cm 490 1 $aBiblioteca teologica 500 $aIndici : p. [469]-492. 504 $aBibliografia a pié pagina. 700 1 $aLindemann, Andreas.$0(OLS)http://pul/name/2148 700 1 $aZani, Antonio.$0(OLS)http://pul/name/11114 830 0$aBiblioteca teologica.$0(OLS)http://pul/title/822 850 $aPUL 852 $aPUL$W1$xSL Religione 1$y3$m10 H 10$j44463$nBK-PRI$b $qStampati$B44463$CPULBib$Z2$F44463 $H $81 852 $aPUL$W1$xDP1 Fondo S. Lanza$y121$m3 L 24.5$j167747$qFondi$B168312$CPULBib$Z2$F168312 $HLAN712 $82 941 1 $a8 941 1 $a1 961 $aINV: 68040. 961 $aNota ms. di possesso: Sergio Lanza 996 $6245$aTeologia del Nuovo Testamento$9(OLS)http://pul/title/3684 996 $6260$aBrescia :$bPaideia$9(OLS)http://pul/publisher/47884 LEADER 01282nam a2200265 a 4500 001 000000163729 003 CaOOAMICUS 005 20171026101822.0 008 171026s1976 it u000 u ita r 032 $aLibriCat 040 $aPUL$bita 100 1 $aPizzamiglio, Maria Rosa.$0(OLS)http://pul/name/105183 245 12$aL'antipsichiatria come momento del processo di progressiva centralitā del sociale nella psicoterapia /$cMaria Rosa Pizzamiglio. 260 $aRoma :$b[s.n.],$c1976. 300 $a50 p. ;$c24 cm. 502 $aEstratto da tesi. Universitā Pontificia Salesiana. Facoltā di Scienze dell'Educazione. 1976. 504 $aBibliografia in nota a pič pagina. 650 4$aPsicoterapia.$0(OLS)http://pul/subject/7249 710 2 $aPontificia Universitā Salesiana.$bFacoltā di scienze dell'educazione.$kTesi.$0(OLS)http://pul/name/81614 850 $aPUL 852 $aPUL$W1$xDP1 Tesi Pon. Univ. Salesiana$y46$mTH SAL 150$j187885$qTesi$B190983$CPULBib$Z2$F190983 $H43844 $82 941 1 $a16 996 $6245$aL'antipsichiatria come momento del processo di progressiva centralitā del sociale nella psicoterapia$9(OLS)http://pul/title/203435 996 $6260$aRoma :$b[s.n.]$9(OLS)http://pul/publisher/47958